[Event "Hoogeveen Unive op 20th"]
[Site "Hoogeveen"]
[Date "2016.10.15"]
[Round "1"]
[White "Vereggen, Lars"]
[Black "Vardan, Nagpal"]
[Result "1-0"]
[WhiteElo "2380"]
[BlackElo "2117"]
[PlyCount "113"]
[EventDate "2016.10.15"]
[EventType "swiss"]
[EventRounds "9"]
[EventCountry "NED"]
[SourceTitle "EXT 2017"]
[Source "ChessBase"]
[SourceDate "2016.10.25"]
[SourceVersion "1"]
[SourceVersionDate "2016.10.25"]
[SourceQuality "1"]

1. e4 c5 2. Nf3 e6 3. d4 cxd4 4. Nxd4 Nf6 5. Nc3 Nc6 6. Nxc6 bxc6 7. e5 Nd5 8. Ne4 Qc7 9. f4 Qb6 10. Bd3 Ba6 11. Bxa6 Qxa6 12. Qe2 Qxe2+ 13. Kxe2 f5 14. Nf2 Be7 15. c4 Nb6 16. b3 Kd8 17. Be3 Kc7 18. Nd3 h6 19. a4 g5 20. g3 Rag8 21. Kf3 h5 22. a5 Nc8 23. b4 h4 24. b5 hxg3 25. hxg3 gxf4 26. gxf4 cxb5 27. cxb5 Kb8 28. Bc5 d6 29. exd6 Bxd6 30. Bd4 Rxh1 31. Rxh1 Rd8 32. Ne5 Bxe5 33. Bxe5+ Ka8 34. Rc1 Ne7 35. Rg1 Nc8 36. Rg7 Nd6 37. b6 axb6 38. axb6 Nb7 39. Re7 Nd6 40. Kg3 Nb7 41. Kh4 Nd6 42. Kh5 Nb7 43. Kg6 Rg8+ 44. Kf7 Rc8 45. Kxe6 Rf8 46. Kd7 Na5 47. Ke6 Nb7 48. Kd5 Rd8+ 49. Kc6 Rc8+ 50. Rc7 Rg8 51. Rxb7 Rg6+ 52. Bd6 Rxd6+ 53. Kxd6 Kxb7 54. Ke5 Kxb6 55. Kxf5 Kc7 56. Kg6 Kd7 57. f5 1-0

[Event "Vlissingen HZ op 20th"]
[Site "Vlissingen"]
[Date "2016.08.06"]
[Round "1"]
[White "Vereggen, Lars"]
[Black "Baete, Guy"]
[Result "1-0"]
[WhiteElo "2359"]
[BlackElo "1844"]
[PlyCount "67"]
[EventDate "2016.08.06"]
[EventType "swiss"]
[EventRounds "9"]
[EventCountry "NED"]
[SourceTitle "CBM 173 Extra"]
[Source "ChessBase"]
[SourceDate "2016.08.29"]
[SourceVersion "1"]
[SourceVersionDate "2016.08.29"]
[SourceQuality "1"]

1. e4 d6 2. d4 e5 3. Ne2 Nf6 4. Nbc3 Be7 5. f3 0-0 6. Be3 Nbd7 7. Qd2 c5 8. dxe5 dxe5 9. 0-0-0 Qa5 10. Kb1 b5 11. Nd5 Qd8 12. Nxe7+ Qxe7 13. g4 Nb6 14. g5 Nh5 15. Nc3 Be6 16. Bxb5 Rfd8 17. Qf2 Nf4 18. h4 Rd4 19. Bxf4 Rxd1+ 20. Rxd1 exf4 21. Qd2 Qc7 22. Qd6 Qxd6 23. Rxd6 Kf8 24. Ne2 Ke7 25. Rd1 a6 26. Bc6 Rc8 27. Bd5 Bxd5 28. exd5 Kd6 29. Nxf4 Re8 30. Nh5 Re3 31. Nxg7 Rxf3 32. Ne8+ Ke5 33. d6 Rh3 34. Nf6 1-0

[Event "Haarlem Nova College op 14th"]
[Site "Haarlem"]
[Date "2016.07.02"]
[Round "4"]
[White "Vereggen, Lars"]
[Black "Sadler, Matthew D"]
[Result "0-1"]
[WhiteElo "2368"]
[BlackElo "2670"]
[PlyCount "88"]
[EventDate "2016.07.01"]
[EventType "swiss"]
[EventRounds "6"]
[EventCountry "NED"]
[SourceTitle "CBM 173 Extra"]
[Source "ChessBase"]
[SourceDate "2016.08.29"]
[SourceVersion "1"]
[SourceVersionDate "2016.08.29"]
[SourceQuality "1"]

1. d4 Nf6 2. Bg5 d5 3. Bxf6 gxf6 4. e3 c5 5. c3 Nc6 6. Nf3 e5 7. dxc5 Bxc5 8. Nbd2 Be6 9. Be2 Rg8 10. g3 f5 11. Qa4 Qc7 12. b4 Bb6 13. c4 dxc4 14. Nxc4 Bxc4 15. Bxc4 0-0-0 16. 0-0 e4 17. b5 exf3 18. bxc6 Bxe3 19. Qb5 Rxg3+ 20. Kh1 Rg2 21. Qxb7+ Qxb7 22. cxb7+ Kb8 23. fxe3 Rdd2 24. Rxf3 Rxh2+ 25. Kg1 Rdg2+ 26. Kf1 Rg4 27. Rxf5 Rh1+ 28. Ke2 Rxa1 29. Bd5 Rg7 30. Re5 Rg8 31. Bxf7 Rh8 32. Bd5 h5 33. Rg5 h4 34. Rg2 h3 35. Rh2 Rh5 36. Bb3 Kxb7 37. Kf3 Rh6 38. e4 Rf1+ 39. Ke3 Kc6 40. e5 Kd7 41. Ke2 Rf5 42. e6+ Ke7 43. Ke3 Rh4 44. Ke2 a5 0-1

[Event "NED-chT 1516"]
[Site "Netherlands"]
[Date "2015.12.12"]
[Round "4.3"]
[White "Vereggen, Lars"]
[Black "Admiraal, Miguoel"]
[Result "0-1"]
[WhiteElo "2340"]
[BlackElo "2421"]
[PlyCount "86"]
[EventDate "2015.09.26"]
[EventType "team-tourn"]
[EventRounds "9"]
[EventCountry "NED"]
[SourceTitle "CBM 169 Extra"]
[Source "ChessBase"]
[SourceDate "2015.12.18"]
[SourceVersion "1"]
[SourceVersionDate "2015.12.18"]
[SourceQuality "1"]
[WhiteTeam "Rotterdam Pathena"]
[BlackTeam "Groningen Combinatie"]
[WhiteTeamCountry "NED"]
[BlackTeamCountry "NED"]

1. Nf3 d5 2. c4 e6 3. g3 dxc4 4. Bg2 a6 5. 0-0 Nc6 6. Qc2 b5 7. b3 Nb4 8. Qe4 Rb8 9. Nc3 Nf6 10. Qb1 cxb3 11. axb3 Bb7 12. Ba3 Be7 13. Rd1 0-0 14. Bxb4 Bxb4 15. Ne5 Bxg2 16. Kxg2 Rb6 17. Nd3 Qa8+ 18. Kg1 Be7 19. b4 Nd7 20. Rc1 Rc8 21. Qa2 c5 22. bxc5 Nxc5 23. Nb4 Qb7 24. d4 Nd7 25. Nd3 Rbc6 26. Qb3 Nb6 27. e3 h6 28. Rc2 Nd5 29. Rac1 Nxc3 30. Rxc3 a5 31. Nc5 Bxc5 32. Rxc5 Rxc5 33. Rxc5 Rxc5 34. dxc5 Qc6 35. Qc3 b4 36. Qd4 Qb5 37. Qd8+ Kh7 38. Qb6 Qc4 39. c6 b3 40. c7 a4 41. Qb7 b2 42. Qxb2 Qxc7 43. Qb1+ Kg8 0-1

[Event "NED-chT 1516"]
[Site "Netherlands"]
[Date "2015.11.07"]
[Round "3.4"]
[White "Vereggen, Lars"]
[Black "Willemze, Thomas"]
[Result "1-0"]
[WhiteElo "2340"]
[BlackElo "2425"]
[PlyCount "63"]
[EventDate "2015.09.26"]
[EventType "team-tourn"]
[EventRounds "9"]
[EventCountry "NED"]
[SourceTitle "EXT 2017"]
[Source "ChessBase"]
[SourceDate "2016.10.25"]
[SourceVersion "1"]
[SourceVersionDate "2016.10.25"]
[SourceQuality "1"]
[WhiteTeam "Rotterdam Pathena"]
[BlackTeam "BSG"]
[WhiteTeamCountry "NED"]
[BlackTeamCountry "NED"]

1. d4 c5 2. d5 Nf6 3. Nf3 g6 4. g3 Bg7 5. Bg2 d6 6. 0-0 b5 7. c4 bxc4 8. Nfd2 Ba6 9. Nxc4 Bxc4 10. Qa4+ Nbd7 11. Qxc4 0-0 12. Nc3 Rb8 13. Qa4 Qb6 14. Rb1 Qb7 15. Rd1 Nb6 16. Qc2 c4 17. Be3 Qa6 18. Bd4 Qa5 19. h3 Rfc8 20. g4 Nfd7 21. h4 Nc5 22. h5 Nba4 23. Ne4 Nxe4 24. Bxe4 c3 25. hxg6 hxg6 26. Bxg6 Bxd4 27. Rxd4 cxb2 28. Qf5 Rc1+ 29. Kg2 Rf8 30. Bh7+ Kg7 31. Qg5+ Kxh7 32. Rd3 1-0